Les Grands Arrêts De La Jurisprudence Administrative / (Record no. 75468)
[ view plain ]
| 000 -LEADER | |
|---|---|
| fixed length control field | 01080nam a2200337 i 4500 |
| 003 - CONTROL NUMBER IDENTIFIER | |
| control field | EG-GICUC |
| 005 - DATE AND TIME OF LATEST TRANSACTION | |
| control field | 20260504112250.0 |
| 008 - FIXED-LENGTH DATA ELEMENTS--GENERAL INFORMATION | |
| fixed length control field | 260504s1978 fr fr|||| 00| 0 fre d |
| 040 ## - CATALOGING SOURCE | |
| Original cataloging agency | EG-GiCUC |
| Language of cataloging | fre |
| Transcribing agency | EG-GiCUC |
| Modifying agency | EG-GiCUC |
| Description conventions | Rda |
| 041 0# - LANGUAGE CODE | |
| Language code of text/sound track or separate title | fre |
| 082 04 - DEWEY DECIMAL CLASSIFICATION NUMBER | |
| Edition number | 21 |
| Classification number | 345.123 |
| Item number | LO . G |
| 092 04 - LOCALLY ASSIGNED DEWEY CALL NUMBER (OCLC) | |
| Edition number | 21 |
| 099 ## - LOCAL FREE-TEXT CALL NUMBER (OCLC) | |
| Classification number | Law1 07 345.123 LO . G 1978 |
| 100 1# - MAIN ENTRY--PERSONAL NAME | |
| Personal name | Long, M |
| Relator term | Auteur |
| 245 14 - TITLE STATEMENT | |
| Title | Les Grands Arrêts De La Jurisprudence Administrative / |
| Statement of responsibility, etc. | M. Long, P. Weil, G. Braibant. |
| 250 ## - EDITION STATEMENT | |
| Edition statement | 7e édition |
| 264 1# - PRODUCTION, PUBLICATION, DISTRIBUTION, MANUFACTURE, AND COPYRIGHT NOTICE | |
| Place of production, publication, distribution, manufacture | Paris : |
| Name of producer, publisher, distributor, manufacturer | Sirey، |
| Date of production, publication, distribution, manufacture, or copyright notice | 1978. |
| 300 ## - PHYSICAL DESCRIPTION | |
| Extent | 629 page; |
| Dimensions | 24 cm. |
| 336 ## - CONTENT TYPE | |
| Source | rda contenu |
| Content type term | texte |
| 337 ## - MEDIA TYPE | |
| Source | rda medias |
| Media type term | Ordinateur |
| 338 ## - CARRIER TYPE | |
| Source | transporteur rda |
| Carrier type term | Ressource en ligne |
| 504 ## - BIBLIOGRAPHY, ETC. NOTE | |
| Bibliography, etc. note | Comprend des références bibliographiques et un index.<br/><br/> |
| 546 ## - LANGUAGE NOTE | |
| Language note | Texte en français |
| 650 1# - SUBJECT ADDED ENTRY--TOPICAL TERM | |
| Topical term or geographic name entry element | Droit administratif |
| Source of heading or term | qrmak |
| 651 1# - SUBJECT ADDED ENTRY--GEOGRAPHIC NAME | |
| Source of heading or term | qrmak |
| 700 1# - ADDED ENTRY--PERSONAL NAME | |
| Personal name | Weil, P |
| Relator term | Co-Auteur |
| 700 1# - ADDED ENTRY--PERSONAL NAME | |
| Personal name | Braibant, G |
| Relator term | Co-Auteur |
| 856 40 - ELECTRONIC LOCATION AND ACCESS | |
| Uniform Resource Identifier | <a href="https://fll.law.cu.edu.eg/fulltext/bks/B07-05486.pdf">https://fll.law.cu.edu.eg/fulltext/bks/B07-05486.pdf</a> |
| 905 ## - Cataloger and Reviser Names | |
| Cataloger Name: | Farha Tarek |
| 942 ## - ADDED ENTRY ELEMENTS (KOHA) | |
| Source of classification or shelving scheme | Dewey Decimal Classification |
| Koha item type | Books |
| Edition | 21 |
| Suppress in OPAC | No |
| Withdrawn status | Lost status | Source of classification or shelving scheme | Damaged status | Not for loan | Collection | Home library | Current library | Date acquired | Total checkouts | Full call number | Barcode | Date last seen | Copy number | Price effective from | Koha item type |
|---|---|---|---|---|---|---|---|---|---|---|---|---|---|---|---|
| Dewey Decimal Classification | Not for loan | القانون الإداري | جــــامعة القــاهرة | مكتبة كلية الحقوق - المبنى الرئيسي | 04.05.2026 | Law1 07 345.123 LO . G 1978 0705486 C1 | B07-05486 | 04.05.2026 | 1 | 04.05.2026 | Books | ||||
| Dewey Decimal Classification | القانون الإداري | جــــامعة القــاهرة | مكتبة كلية الحقوق - المبنى الرئيسي | 10.05.2026 | Law1 07 345.123 LO . G 7ed 1978 0706396 C2 | B07-06396 | 10.05.2026 | 2 | 10.05.2026 | Books | |||||
| Dewey Decimal Classification | القانون الإداري | مكتبة كلية الحقوق - فـرع الشيخ زايد | مكتبة كلية الحقوق - فـرع الشيخ زايد | 10.05.2026 | Law2 07 345.123 LO . G 7ed 1978 0706395 C3 | B07-06395 | 10.05.2026 | 3 | 10.05.2026 | Books |